[Event "XVI Seahorse Open A"]
[Site "Rewal POL"]
[Date "2011.08.25"]
[Round "6"]
[White "Lapaj,M"]
[Black "Siwiec,A"]
[Result "1/2-1/2"]
[WhiteElo "2021"]
[BlackElo "2144"]

1.e4 c5 2.Nf3 d6 3.d4 cxd4 4.Nxd4 Nf6 5.Nc3 a6 6.f3 e5 7.Nb3 Be6 8.Be3 d5
9.exd5 Nxd5 10.Nxd5 Qxd5 11.Nc5 Bxc5 12.Qxd5 Bxd5 13.Bxc5 Nd7 14.Be3 Rc8
15.Bd3 Nc5 16.Bxc5 Rxc5 17.a3 Ke7 18.O-O-O Be6 19.Rhe1 f6 20.Rd2 Kf7 21.Be4 Rc7
22.Bd5  1/2-1/2

[Event "XVI Seahorse Open A"]
[Site "Rewal POL"]
[Date "2011.08.26"]
[Round "7"]
[White "Nasuta,G"]
[Black "Zochowski,K"]
[Result "1-0"]
[WhiteElo "2237"]
[BlackElo "1954"]

1.e4 c5 2.Nf3 d6 3.d4 cxd4 4.Nxd4 Nf6 5.Nc3 a6 6.f3 e6 7.Be3 b5 8.g4 Bb7
9.Qd2 Nfd7 10.O-O-O Nb6 11.Nb3 Nc4 12.Bxc4 bxc4 13.Nc5 Qc7 14.Nxb7 Qxb7 15.Bf4 Nc6
16.Bxd6 Rd8 17.Qf4 Bxd6 18.Rxd6 O-O 19.Rxd8 Rxd8 20.Qe3 Rb8 21.Nd1 e5 22.Qc3 Nd4
23.Re1 Qd7 24.Ne3 Nxf3 25.Rf1 Nd4 26.Qxc4 Qb7 27.b3 Rf8 28.Nd5 Qd7 29.h3 Kh8
30.Qc7 Qe6 31.Qe7 Rc8 32.Qxe6 fxe6 33.Ne3 Ne2+ 34.Kb2 Nf4 35.h4 h5 36.gxh5 Kh7
37.Ng4 Rc5 38.Nxe5 Ng2 39.Nf3 Rxh5 40.Rg1 Nf4 41.Rg4  1-0

[Event "23rd Schlosspark-Open"]
[Site "Wiesbaden GER"]
[Date "2011.08.27"]
[Round "4.23"]
[White "Specht,C"]
[Black "Baskin,R"]
[Result "1/2-1/2"]
[WhiteElo "2132"]
[BlackElo "1977"]

1.e4 c5 2.Nf3 d6 3.d4 cxd4 4.Nxd4 Nf6 5.Nc3 a6 6.f3 e5 7.Nb3 Be6 8.Be3 h5
9.Qd2 Nbd7 10.O-O-O Be7 11.Kb1 b5 12.Nd5 Bxd5 13.exd5 Nb6 14.Bxb6 Qxb6 15.Bd3 O-O
16.Bf5 a5 17.a3 a4 18.Nc1 g6 19.Bh3 Nh7 20.f4 exf4 21.Qxf4 Bg5 22.Qb4 Nf6
23.Na2 Rfe8 24.Nc3 Rab8 25.g3 Re5 26.Bf1 Ng4 27.Bxb5 Nf2 28.Bxa4 Qxb4 29.axb4 Nxh1
30.Rxh1 Rxb4 31.Bc6 Kf8 32.Rd1 h4 33.Nb5 Ke7 34.Nd4 hxg3 35.c3 Rb6 36.hxg3 Re3
37.Kc2 Rxg3 38.b4 Bf6 39.b5 Rg4 40.Re1+ Kf8  1/2-1/2

[Event "XVI Seahorse Open A"]
[Site "Rewal POL"]
[Date "2011.08.28"]
[Round "9.37"]
[White "Mlodzinska,I"]
[Black "Ziebinski,B"]
[Result "1/2-1/2"]
[WhiteElo "1926"]
[BlackElo "2003"]

1.e4 c5 2.Nf3 d6 3.d4 cxd4 4.Nxd4 Nf6 5.Nc3 a6 6.f3 e5 7.Nb3 Be6 8.Be3 Be7
9.Qd2 Nbd7 10.O-O-O b5 11.g4 Nb6 12.g5 Nfd7 13.h4 Nc4 14.Qe1 Nxe3 15.Qxe3 b4
16.Nd5 a5 17.Bh3 a4 18.Nd2 Bxd5 19.Bxd7+ Qxd7 20.exd5 O-O 21.Ne4  1/2-1/2

[Event "FIDE World Cup 2011"]
[Site "Khanty-Mansiysk RUS"]
[Date "2011.08.30"]
[Round "1.6"]
[White "Quesada Perez,Yu"]
[Black "Bruzon Batista,L"]
[Result "0-1"]
[WhiteElo "2635"]
[BlackElo "2673"]

1.e4 c5 2.Nf3 d6 3.d4 cxd4 4.Nxd4 Nf6 5.Nc3 a6 6.Be3 Ng4 7.Bc1 Nf6 8.f3 e5
9.Nb3 Be6 10.Be3 h5 11.Nd5 Bxd5 12.exd5 Nbd7 13.Qd2 g6 14.Na5 Qc7 15.a4 Bg7
16.Nc4 O-O 17.a5 Rfe8 18.O-O-O Rac8 19.Qb4 Bf8 20.Be2 e4 21.f4 Ng4 22.Bxg4 hxg4
23.b3 Nf6 24.Rd2 Nh5 25.Nb6 Rcd8 26.Rd4 Qe7 27.Rc4 Qf6 28.Kb1 Bg7 29.Rd4 Nxf4
30.Qd2 Nh5 31.Qe2 g3 32.Qe1 Nf4 33.Qf1 Nxg2 34.Qxg2 Qf3 35.Qxf3 exf3 36.Rd3 g2
37.Rhd1 Rxe3 38.Rxe3 f2  0-1

[Event "VII Ugra Governor's Cup"]
[Site "Khanty-Mansiysk RUS"]
[Date "2011.08.31"]
[Round "1"]
[White "Smirnov,P"]
[Black "Genkel,Dmitriy"]
[Result "1-0"]
[WhiteElo "2558"]
[BlackElo "1845"]

1.e4 c5 2.Nf3 d6 3.d4 cxd4 4.Nxd4 Nf6 5.Nc3 a6 6.f3 e6 7.Be3 Be7 8.Qd2 Nc6
9.O-O-O O-O 10.g4 Qc7 11.g5 Nd7 12.h4 b5 13.h5 Nde5 14.f4 Nxd4 15.Qxd4 Nc4
16.Bxc4 Qxc4 17.Qxc4 bxc4 18.Rd4 d5 19.exd5 Bc5 20.Re4 exd5 21.Nxd5 Bb7 22.Rd1 Bxe3+
23.Rxe3 Bxd5 24.Rxd5 Rfd8 25.Rxd8+ Rxd8 26.Re4 Rc8 27.Kd2  1-0

[Event "FIDE World Cup 2011"]
[Site "Khanty-Mansiysk RUS"]
[Date "2011.08.31"]
[Round "2.1"]
[White "Bologan,V"]
[Black "Dominguez Perez,L"]
[Result "0-1"]
[WhiteElo "2678"]
[BlackElo "2719"]

1.e4 c5 2.Nf3 d6 3.d4 cxd4 4.Nxd4 Nf6 5.Nc3 a6 6.f3 e5 7.Nb3 Be6 8.Be3 h5
9.Qd2 Nbd7 10.Nd5 Bxd5 11.exd5 g6 12.Be2 Qc7 13.Na5 b6 14.Nb3 Bg7 15.a4 O-O
16.O-O Kh7 17.c3 Ng8 18.g4 Ndf6 19.g5 Nd7 20.f4 exf4 21.Rxf4 Ne7 22.Raf1 Kg8
23.c4 Nc5 24.Nd4 Nxa4 25.Bd1 Nc5 26.b4 Nd7 27.Nc6 Ne5 28.b5 axb5 29.cxb5 Ra3
30.Bd4 Nf5 31.Rxf5 gxf5 32.Qc2 Qd7 33.Bxb6 f4 34.Rxf4 Ng6 35.Rf1 Rfa8 36.Bxh5 Ra2
37.Qd3 R8a3 38.Qe4 Ra4 39.Qf5 Rg2+ 40.Kh1 Qxf5 41.Rxf5 Rb2 42.Bxg6 Ra1+ 43.Bg1 fxg6
44.Ne7+ Kh7 45.Rf4 Rbb1 46.Rh4+ Bh6 47.Rxh6+ Kg7 48.h4 Rxg1+ 49.Kh2 Rge1
50.Nxg6 Re3 51.Nf4 Ra2+ 52.Ng2 Ree2 53.Rxd6 Rxg2+ 54.Kh3 Rg1 55.Rd7+ Kf8
56.b6 Ra3+ 57.Kh2 Rb1 58.Ra7 Rb2+ 59.Kg1 Rxa7 60.bxa7 Ra2 61.h5 Rxa7 62.Kf2 Rg7  0-1

[Event "9th Amantea Open"]
[Site "Amantea ITA"]
[Date "2011.09.05"]
[Round "2"]
[White "Dvirnyy,D"]
[Black "Gromovs,S"]
[Result "1-0"]
[WhiteElo "2457"]
[BlackElo "2297"]

1.e4 c5 2.Nf3 d6 3.d4 cxd4 4.Nxd4 Nf6 5.Nc3 a6 6.f3 e5 7.Nb3 Be6 8.Be3 Be7
9.Qd2 Nbd7 10.Be2 O-O 11.O-O Rc8 12.a4 Qc7 13.Rfd1 Nc5 14.Nxc5 dxc5 15.Qe1 Rfd8
16.Rxd8+ Rxd8 17.Qf1 c4 18.Qf2 Qc6 19.a5 Bb4 20.Kf1 Ne8 21.Qh4 f6 22.Nd5 Bf8
23.c3 Kh8 24.Nb6 Bc5 25.Bxc5 Qxc5 26.Qf2 Qc6 27.Qe3 h6 28.g4 Kh7 29.h4 Nd6
30.Rd1 Nf7 31.Ra1 Nd6 32.Ke1 Nf7 33.Na4 Rc8 34.Qb6 Nd6 35.Rd1 Qxb6 36.Nxb6 Rc6
37.Rd2 h5 38.gxh5 Kh6 39.Nd5 Nf7 40.Ne3 Rc5 41.Kf2 Rc6 42.Kg3 Nd6 43.Nd5 Nf7
44.f4 Rc5 45.Ne3 exf4+ 46.Kxf4 Rxa5 47.Nxc4 Rc5 48.Nd6 Rc6 49.Nxf7+ Bxf7
50.Rd8 Kh7 51.Bg4 Rc7 52.Bf5+ g6 53.hxg6+ Bxg6 54.Rd7+  1-0

[Event "TCh-POL 1st League"]
[Site "Mrzezyno POL"]
[Date "2011.09.06"]
[Round "4"]
[White "Hnydiuk,A"]
[Black "Pisulinski,J"]
[Result "1-0"]
[WhiteElo "2412"]
[BlackElo "2352"]

1.e4 c5 2.Nf3 d6 3.d4 cxd4 4.Nxd4 Nf6 5.Nc3 a6 6.f3 e5 7.Nb3 Be6 8.Be3 Be7
9.Qd2 Nbd7 10.O-O-O b5 11.g4 b4 12.Nd5 Bxd5 13.exd5 O-O 14.Qxb4 a5 15.Qa4 Qc7
16.Rd3 Nb6 17.Qc6 Nbxd5 18.Qxc7 Nxc7 19.a4 Nfd5 20.Bd2 Nb4 21.Bxb4 axb4 22.a5 d5
23.h4 f5 24.gxf5 Rxf5 25.Bh3 Rf4 26.Bd7 Rxh4 27.Rxh4 Bxh4 28.Bc6 Rd8 29.Bb7 Bf2
30.Kd1 Kf7 31.Ke2 Ba7 32.Rd1 h5 33.a6 Rd6 34.Na5 Nxa6 35.Nc4 Rh6 36.Nxe5+ Ke8
37.Ra1 Bd4 38.Nc6 Nc5 39.Nxd4 Nxb7 40.Nf5 Re6+ 41.Kd2 Rf6 42.Nxg7+ Kf8 43.Nxh5 Rxf3
44.Ra8+  1-0

[Event "VII Ugra Governor's Cup"]
[Site "Khanty-Mansiysk RUS"]
[Date "2011.09.07"]
[Round "8"]
[White "Erbaktanov,Togar"]
[Black "Sergeev,Ve"]
[Result "0-1"]
[WhiteElo "1883"]
[BlackElo "2395"]

1.e4 c5 2.Nf3 d6 3.d4 cxd4 4.Nxd4 Nf6 5.Nc3 a6 6.f3 e5 7.Nb3 Be6 8.Be3 Nbd7
9.Be2 Be7 10.O-O b5 11.a3 O-O 12.f4 Qc7 13.Bf3 Rac8 14.Kh1 Rfd8 15.Qe1 Nb6
16.Nd2 Na4 17.Nxa4 bxa4 18.f5 Bc4 19.Rg1 Qb7 20.g4 d5 21.g5 Nxe4 22.Nxe4 dxe4
23.Bg2 g6 24.Bh3 Rb8 25.Qh4 Qxb2 26.Rae1 Qxc2 27.fxg6 hxg6 28.Rc1 Qb3 29.Rce1 Bxa3
30.Bg4 Bb4  0-1

[Event "TCh-POL 1st League"]
[Site "Mrzezyno POL"]
[Date "2011.09.11"]
[Round "9"]
[White "Hnydiuk,A"]
[Black "Jakubowski,K"]
[Result "0-1"]
[WhiteElo "2412"]
[BlackElo "2491"]

1.e4 c5 2.Nf3 d6 3.d4 cxd4 4.Nxd4 Nf6 5.Nc3 a6 6.f3 e5 7.Nb3 Be7 8.Be3 Be6
9.Qd2 O-O 10.O-O-O Qc7 11.g4 Rc8 12.Qf2 Nbd7 13.Kb1 b5 14.g5 Nh5 15.Nd5 Bxd5
16.Rxd5 Rcb8 17.Bh3 Nb6 18.Rdd1 Nf4 19.Bxf4 exf4 20.Nd4 Bxg5 21.Nf5 Nc4 22.Rhg1 h6
23.e5 Nxe5 24.Rxd6 Qa7 25.Qg2 Rb6 26.Rd5 Rg6 27.Rgd1 Nc4 28.c3 Bf6 29.Qe2 Rg1
30.Rxg1 Qxg1+ 31.Rd1 Qb6 32.Qe4 Rd8 33.Nd4 b4  0-1

[Event "ch-Euro Youth b14"]
[Site "Albena BUL"]
[Date "2011.09.12"]
[Round "2.6"]
[White "Bellahcene,B"]
[Black "Beerdsen,Thomas"]
[Result "1-0"]
[WhiteElo "2286"]
[BlackElo "2019"]

1.e4 c5 2.Nf3 d6 3.d4 cxd4 4.Nxd4 Nf6 5.Nc3 a6 6.f3 e5 7.Nb3 Be7 8.Be3 Be6
9.Qd2 Nbd7 10.O-O-O b5 11.g4 O-O 12.g5 b4 13.Ne2 Ne8 14.h4 a5 15.Kb1 a4 16.Nbc1 Nb6
17.Ng3 d5 18.Bxb6 Qxb6 19.exd5 Rd8 20.Bd3 Bxd5 21.Qe2 b3 22.cxb3 axb3 23.axb3 Bxb3
24.Nxb3 Qxb3 25.Bc2 Qb8 26.Rxd8 Bxd8 27.Qd3 g6 28.h5 Qd6 29.Qc4 Qd4 30.Qe2 Bxg5
31.hxg6 fxg6 32.Ne4 Bf4 33.Bb3+ Kg7 34.Qa6 Qd7 35.Nc5 Qf5+ 36.Bc2 Qf6 37.Qc8 Kh8
38.Nd7 Qe6 39.Rxh7+ Kg8 40.Qc3 Qa6 41.Nxf8 Qf1+ 42.Ka2 Qa6+ 43.Qa3  1-0

[Event "TCh-Central Serbia 2011"]
[Site "Kraljevo SRB"]
[Date "2011.09.17"]
[Round "1"]
[White "Dudukovic,N"]
[Black "Stankovic,Milo"]
[Result "1/2-1/2"]
[WhiteElo "2252"]
[BlackElo "2375"]

1.e4 c5 2.Nf3 d6 3.d4 cxd4 4.Nxd4 Nf6 5.Nc3 a6 6.Be3 Ng4 7.Bc1 Nf6 8.f3 e5
9.Nb3 Be6 10.Be3 Be7 11.Qd2 O-O 12.O-O-O Nbd7 13.g4 b5 14.g5 b4 15.Ne2 Ne8
16.f4 a5 17.f5 a4 18.fxe6 axb3 19.exf7+ Rxf7 20.cxb3 Rxa2 21.Ng3 Rxf1 22.Rdxf1 Ra1+
23.Kc2 Qc8+ 24.Kd3 Qa6+ 25.Kc2 Qc6+ 26.Kd3 Qa6+ 27.Kc2 Qc8+ 28.Kd3 Qa6+  1/2-1/2

[Event "ch-Euro Youth b18"]
[Site "Albena BUL"]
[Date "2011.09.19"]
[Round "8.18"]
[White "Nestorovic,L"]
[Black "Obrusnik,M"]
[Result "1-0"]
[WhiteElo "2397"]
[BlackElo "2249"]

1.e4 c5 2.Nf3 d6 3.d4 cxd4 4.Nxd4 Nf6 5.Nc3 a6 6.f3 e5 7.Nb3 Be6 8.Be3 Be7
9.Qd2 O-O 10.O-O-O Nbd7 11.g4 b5 12.g5 b4 13.Ne2 Ne8 14.f4 a5 15.f5 a4 16.fxe6 axb3
17.exf7+ Rxf7 18.Kb1 bxc2+ 19.Qxc2 Bxg5 20.Bxg5 Qxg5 21.Ng3 Kh8 22.Bc4 Rf8
23.Nf5 Nc5 24.Rhg1 Qd8 25.h4 b3 26.axb3 Qa5 27.Qg2 Nxb3 28.Bxb3 Qa1+ 29.Kc2 Rc8+
30.Kd2 Qa5+ 31.Ke2 Qb5+ 32.Rd3 d5 33.Nd6  1-0

[Event "Sub-Zonal 2.3.4 2011"]
[Site "Pereira COL"]
[Date "2011.09.24"]
[Round "2"]
[White "Rojas Barrero,A"]
[Black "Barrientos,S"]
[Result "0-1"]
[WhiteElo "2262"]
[BlackElo "2507"]

1.e4 c5 2.Nf3 d6 3.d4 cxd4 4.Nxd4 Nf6 5.Nc3 a6 6.f3 e6 7.Be3 b5 8.Qd2 b4
9.Nce2 e5 10.Nb3 Nc6 11.O-O-O a5 12.Kb1 a4 13.Nbc1 Be6 14.g4 h6 15.Ng3 d5
16.Bb5 Qc7 17.exd5 Nxd5 18.Ne4 Qb7 19.Bxc6+ Qxc6 20.Bf2 b3 21.cxb3 axb3 22.Nxb3 Bb4
23.Qc2 Qa4 24.Nc1 Qa6 25.Nc5 Bxc5 26.Bxc5 Rc8 27.Qf2 Qb5 28.Nb3 Ra8 29.Rc1 f6
30.Ba3 Nf4 31.Rc3 Nd5 32.Rc5 Qd3+ 33.Qc2 Qxf3 34.Rc1 O-O 35.Ka1 Rfb8 36.Rc6 Nb4  0-1

[Event "Belgrade Premier League 2011"]
[Site "Belgrade SRB"]
[Date "2011.10.01"]
[Round "1.6"]
[White "Stojanovic,SaM"]
[Black "Sarenac,D"]
[Result "0-1"]
[WhiteElo "2070"]
[BlackElo "2273"]

1.e4 c5 2.Nf3 d6 3.d4 cxd4 4.Nxd4 Nf6 5.Nc3 a6 6.f3 e5 7.Nb3 Be6 8.Be3 Be7
9.Qd2 O-O 10.O-O-O Nbd7 11.g4 b5 12.g5 b4 13.Ne2 Ne8 14.h4 a5 15.Kb1 a4 16.Nbc1 b3
17.Bh3 bxc2+ 18.Qxc2 Nc7 19.Nc3 Qb8 20.h5 Rc8 21.Bxe6 fxe6 22.Qd2 Nb6 23.g6 Nc4
24.gxh7+ Kh8 25.Qe2 Nb5 26.Nxb5 Qxb5 27.Ka1 Rab8 28.Rh2 d5 29.h6 g6 30.exd5 exd5
31.Nd3 Bf6 32.Bc1 Kxh7 33.Rg2 Na3 34.f4 Nc2+ 35.Kb1 Na3+ 36.Ka1 Rc2 37.Qf1 e4
38.Ne5 Qxf1 39.Rxf1 Rxg2 40.bxa3 Bxe5+ 41.fxe5 d4 42.e6 e3  0-1

[Event "Continental Class Ch."]
[Site "Arlington USA"]
[Date "2011.10.09"]
[Round "6"]
[White "Viswanadha,Kesav"]
[Black "Smarty,Sylvester"]
[Result "1-0"]
[WhiteElo "1938"]
[BlackElo "2104"]

1.e4 c5 2.Nf3 d6 3.d4 cxd4 4.Nxd4 Nf6 5.Nc3 a6 6.f3 e5 7.Nb3 Be6 8.Be3 Nbd7
9.Qd2 Be7 10.O-O-O b5 11.g4 b4 12.Ne2 a5 13.g5 Nh5 14.Kb1 a4 15.Nbc1 Nb6
16.b3 O-O 17.Ng3 Nf4 18.Bxf4 exf4 19.Qxf4 axb3 20.cxb3 Qc7 21.Qd2 Rfc8 22.f4 Ra5
23.Bd3 d5 24.e5 Bg4 25.Rdf1 Bc5 26.h4 Qd7 27.f5 Nc4 28.Bxc4 Qa7 29.Bd3 Bd4
30.e6 fxe6 31.fxe6 Bxe6 32.Nf5 Bxf5 33.Bxf5 Ra8 34.Be6+ Kh8 35.Rf7 Qc5 36.Qc2 Qd6
37.Rhf1 g6 38.Qc7  1-0

[Event "TCh-ROU Superliga 2011"]
[Site "Brasov ROU"]
[Date "2011.10.12"]
[Round "5.3"]
[White "Manole,S"]
[Black "Hajbok,R"]
[Result "1/2-1/2"]
[WhiteElo "2052"]
[BlackElo "2272"]

1.e4 c5 2.Nf3 d6 3.d4 cxd4 4.Nxd4 Nf6 5.Nc3 a6 6.f3 Qb6 7.Nb3 e6 8.Qe2 Qc7
9.Be3 b5 10.O-O-O b4 11.Na4 Nbd7 12.Qc4 Qb8 13.Na5 Ne5 14.Qd4 Nfd7 15.f4 Qc7
16.Qxb4 Ng4 17.Bb6 Rb8 18.Bxc7 Rxb4 19.Nc3 Nf2 20.a3 Nxd1 21.axb4 Nf2 22.Rg1 d5
23.exd5 Bxb4 24.dxe6 fxe6 25.Bc4 Nf6 26.Na4 Nd5 27.Bxd5 exd5 28.Nc6 Bf8 29.Bb6 Bd7
30.Bxf2 Bxc6 31.Nc5 Bxc5 32.Bxc5 Kf7 33.Bd4 Rc8 34.Re1 Ba4 35.c3 Bb3 36.Re5 g6
37.Re3 Re8 38.Be5 a5 39.g4 a4 40.Rh3 Kg8 41.Re3 Kf7 42.Kd2 Bc4 43.Rf3 Re6
44.Rf2 a3 45.bxa3 Ra6 46.f5 Rxa3 47.Rf3 Ra2+ 48.Kc1 Ra1+ 49.Kc2 Ra2+ 50.Kc1 Ra1+
51.Kb2 Ra2+ 52.Kb1 Re2 53.Bc7 Re4 54.fxg6+ Kxg6 55.h3 h5 56.gxh5+ Kxh5  1/2-1/2

[Event "Chigorin Memorial Open"]
[Site "St Petersburg RUS"]
[Date "2011.10.14"]
[Round "1.1"]
[White "Melnikov,D"]
[Black "Korobov,A"]
[Result "0-1"]
[WhiteElo "2299"]
[BlackElo "2671"]

1.e4 c5 2.Nf3 d6 3.d4 cxd4 4.Nxd4 Nf6 5.Nc3 a6 6.f3 e5 7.Nb3 Be6 8.Be3 h5
9.Nd5 Bxd5 10.exd5 Nbd7 11.c4 g6 12.Be2 Bh6 13.Bxh6 Rxh6 14.Qd2 Rh8 15.O-O-O a5
16.Kb1 a4 17.Nc1 Qb6 18.Rhf1 Nc5 19.f4 Nfe4 20.Qc2 a3 21.b3 Qa5 22.Ka1 exf4
23.Rxf4 f5 24.Nd3 Qd8 25.Nxc5 Qf6+ 26.Kb1 Nc3+ 27.Kc1 Nxd1 28.Nxb7 Nc3 29.c5 Nxe2+
30.Qxe2+ Kf8 31.Qe6 Qc3+ 32.Kd1 Re8 33.Rxf5+ Kg7 34.Rf7+ Kh6 35.Re7 Rhf8
36.Rxe8 Qd3+ 37.Kc1 Rf1+ 38.Qe1 Qc3+ 39.Kd1 Qa1+ 40.Kd2 Qxa2+ 41.Kc3 Qb2+
42.Kc4 Rxe1 43.Rxe1 a2 44.Rg1 dxc5 45.Nxc5 a1=Q 46.Rxa1 Qxa1 47.d6 Qf1+ 48.Kd5 Qxg2+
49.Ke6 Kg7 50.b4 Qg4+ 51.Ke7 Qh4+ 52.Ke8 Qe1+  0-1

[Event "II Oliver Gonzalez Memorial"]
[Site "Madrid ESP"]
[Date "2011.10.15"]
[Round "8.46"]
[White "Fernandez Gil,R"]
[Black "Gomez Ferrer,J"]
[Result "1-0"]
[WhiteElo "1878"]
[BlackElo "1942"]

1.e4 c5 2.Nf3 d6 3.d4 cxd4 4.Nxd4 Nf6 5.Nc3 a6 6.f3 e5 7.Nb3 Be6 8.Be3 Be7
9.Qd2 Nbd7 10.g4 Qc7 11.h4 Nb6 12.O-O-O O-O-O 13.Qf2 Nfd7 14.Nd5 Bxd5 15.exd5 Kb8
16.Rd3 Na4 17.g5 Rhe8 18.h5 f6 19.Rh4 Nac5 20.Nxc5 Nxc5 21.Rc3 fxg5 22.Rhc4 b5
23.Rg4 Qb7 24.Rb4 Qxd5 25.Bxb5 axb5 26.Rxb5+ Kc7 27.Bxc5 Kd7 28.Qf1 Ke6 29.Bb6 Qa8
30.Bxd8 Rxd8 31.Qc4+ d5 32.Qg4+ Kf7 33.Qf5+ Bf6 34.Rc7+ Kg8 35.h6 Qa6 36.hxg7 d4
37.Rcb7 d3 38.cxd3 Qc6+ 39.Kb1 Rc8 40.Qxc8+ Qxc8 41.Rb8 Qxb8 42.Rxb8+ Kxg7
43.a4 Be7 44.a5 Bc5 45.a6 h5 46.a7 Bxa7 47.Rb7+ Kf6 48.Rxa7  1-0

[Event "Chigorin Memorial Open"]
[Site "St Petersburg RUS"]
[Date "2011.10.19"]
[Round "6.99"]
[White "Ezov,R"]
[Black "Rybakova,Polina"]
[Result "1-0"]
[WhiteElo "2170"]
[BlackElo "1743"]

1.e4 c5 2.Nf3 d6 3.d4 cxd4 4.Nxd4 Nf6 5.Nc3 a6 6.f3 e5 7.Nb3 Be7 8.Be3 Nc6
9.Qd2 Be6 10.O-O-O O-O 11.g4 b5 12.h4 b4 13.Nd5 Ne8 14.g5 a5 15.Bb6 Qb8 16.Nxa5 Bxd5
17.Qxd5 Nxa5 18.Bxa5 Nc7 19.Bxc7 Qxc7 20.Qb3 Qa5 21.Bc4 Qb6 22.Rhg1 Qf2 23.Rg4 Rac8
24.Rf1 Qc5 25.Bd5 Rc7 26.f4 Qb5 27.Rf2 Qc5 28.Rgg2 Bd8 29.f5 Kh8 30.f6 g6
31.h5 gxh5 32.Rh2 Rg8 33.Rfg2 Qb5 34.Qf3 Rg6 35.Rxh5 Qc5 36.Qh3 Bxf6 37.Rxh7+ Kg8
38.gxf6  1-0

[Event "6th Deizisau Herbstopen"]
[Site "Deizisau GER"]
[Date "2011.10.30"]
[Round "3.8"]
[White "Eidner,F"]
[Black "Rosner,J"]
[Result "0-1"]
[WhiteElo "2032"]
[BlackElo "2274"]

1.e4 c5 2.Nf3 d6 3.d4 cxd4 4.Nxd4 Nf6 5.Nc3 a6 6.f3 e5 7.Nb3 Be6 8.Be3 Nbd7
9.g4 Nb6 10.g5 Nh5 11.Qd2 Be7 12.O-O-O O-O 13.Rg1 Rc8 14.Kb1 g6 15.h4 Qc7
16.Qf2 Nc4 17.Bxc4 Qxc4 18.Rc1 b5 19.Rgd1 f6 20.Nd5 Bxd5 21.Rxd5 f5 22.Nd2 Qc6
23.Qg2 Bd8 24.Qg1 fxe4 25.fxe4 Nf4 26.Qg4 Nxd5 27.exd5 Qc7 28.Qe6+ Kh8 29.Ne4 Rb8
30.Nxd6 Qe7 31.Bc5 Qxe6 32.dxe6 Be7 33.b4 Kg8 34.Re1 Rbd8 35.Nb7 Rde8 36.Rxe5 Rf4
37.Na5 Rxh4 38.Nc6 Bf8 39.Bxf8 Kxf8 40.e7+ Kg7 41.a3 Rf4 42.Nd8 Rf5 43.Re6 Rxg5
44.Rxa6 Re5 45.Nc6 Re6 46.c4 h5 47.cxb5 h4 48.Ra7 h3 49.Rd7 Re1+ 50.Kc2 h2
51.Rd8 Kf7 52.Ne5+ Rxe5 53.Kc1  0-1

[Event "1st Panama Open"]
[Site "Panama City PAN"]
[Date "2011.11.06"]
[Round "7.24"]
[White "Dalo,Hermes"]
[Black "Cu Hor,W"]
[Result "0-1"]
[WhiteElo "2159"]
[BlackElo "2215"]

1.e4 c5 2.Nf3 d6 3.d4 cxd4 4.Nxd4 Nf6 5.Nc3 a6 6.f3 e6 7.Be3 b5 8.Qd2 Bb7
9.g4 Nbd7 10.g5 Nh5 11.O-O-O g6 12.Bd3 b4 13.Nce2 d5 14.exd5 Bxd5 15.Be4 Ne5
16.Kb1 Be7 17.Rhg1 O-O 18.Bxd5 Qxd5 19.f4 Nc4 20.Qd3 Rfd8 21.Bc1 Bf8 22.b3 Nd6
23.c4 bxc3 24.Nxc3 Qb7 25.Qe3 Bg7 26.Bb2 Rab8 27.Rge1 Nc4 28.Qf2 Nxb2 29.Kxb2 Qb4
30.Nce2 Rb5 31.Kc1 Rc5+ 32.Kb1 Rcd5  0-1

[Event "FSFMB November"]
[Site "Budapest HUN"]
[Date "2011.11.12"]
[Round "8"]
[White "Bacsi,A"]
[Black "Dancs,Z"]
[Result "0-1"]
[WhiteElo "1905"]
[BlackElo "2114"]

1.e4 c5 2.Nf3 d6 3.d4 cxd4 4.Nxd4 Nf6 5.Nc3 a6 6.f3 e5 7.Nb3 Be6 8.Be3 Be7
9.Qd2 Nc6 10.O-O-O Rc8 11.g4 Na5 12.g5 Nxb3+ 13.axb3 Nd7 14.Kb1 Qc7 15.Bd3 Nc5
16.Nd5 Bxd5 17.exd5 Nxd3 18.Qxd3 O-O 19.h4 f5 20.gxf6 Rxf6 21.Rdf1 Rcf8 22.Bg5 Rf5
23.Rhg1 Bxg5 24.Rxg5 Rxg5 25.hxg5 Qf7 26.Qe4 Qf5 27.Qe3 Qf4 28.Qxf4 Rxf4
29.Kc1 e4 30.Kd2 Kf7 31.Ke3 Rxf3+ 32.Rxf3+ exf3 33.Kxf3 a5 34.c4 b6 35.Kf4 Kg6
36.Kg4 h6 37.gxh6 gxh6 38.Kh4 h5 39.Kh3 Kg5 40.Kg3 h4+ 41.Kh3 Kh5 42.Kg2 Kg4
43.Kh2 h3 44.Kg1  0-1

[Event "Umada Cup 2011"]
[Site "Hastings BAR"]
[Date "2011.11.12"]
[Round "7"]
[White "Harper,R"]
[Black "Farley,T"]
[Result "1/2-1/2"]
[WhiteElo "2231"]
[BlackElo "2253"]

1.e4 c5 2.Nf3 d6 3.d4 cxd4 4.Nxd4 Nf6 5.Nc3 a6 6.f3 e5 7.Nb3 Be6 8.Be3 Nbd7
9.Qd2 Be7 10.O-O-O O-O 11.Qf2 b5 12.g4 b4 13.Nd5 Bxd5 14.exd5 a5 15.Kb1 a4
16.Nc1 Ra5 17.Bc4 Qa8 18.Qd2 Qb7 19.g5 Nh5 20.Nd3 Rc8 21.b3 Rb8 22.Rhe1 Bd8
23.f4 e4 24.Nf2 f5 25.gxf6 Nhxf6 26.Bd4 Bb6 27.Qxb4 axb3 28.cxb3 Qa8 29.Qd2 Bxd4
30.Qxd4 Rxa2 31.Nxe4 Nxe4 32.Rxe4 Qa3 33.Rd2 Rxd2 34.Qxd2 Nc5 35.Re3 Nxb3
36.Bxb3 Rxb3+ 37.Rxb3 Qxb3+ 38.Kc1 Qc4+ 39.Kb2 Qe4 40.Kc3 Kf7 41.Qd4 Qxd4+
42.Kxd4 Kf6 43.Ke4 Kg6 44.h3 Kf6 45.Ke3 Kf5 46.Kf3 h6 47.Ke3 h5 48.Kf3 g5
49.fxg5 Kxg5 50.Ke4 h4 51.Ke3 Kf5 52.Kf3 Ke5 53.Kg4 Kxd5 54.Kxh4 Ke4 55.Kg5 d5
56.h4 d4 57.h5 d3 58.h6 d2 59.h7 d1=Q 60.h8=Q Qg1+ 61.Kh6 Qb6+ 62.Kh7  1/2-1/2

[Event "WYCC U16 Girls"]
[Site "Caldas Novas BRA"]
[Date "2011.11.18"]
[Round "1"]
[White "Velez,Laura"]
[Black "Visanescu,D"]
[Result "0-1"]
[WhiteElo "1674"]
[BlackElo "2057"]

1.e4 c5 2.Nf3 d6 3.d4 cxd4 4.Nxd4 Nf6 5.Nc3 a6 6.f3 Qb6 7.Nb3 e6 8.Qe2 Qc7
9.Be3 Nbd7 10.O-O-O b5 11.g4 Nb6 12.Qf2 Nfd7 13.h4 b4 14.Nb1 Bb7 15.Bd3 d5
16.h5 Nc4 17.h6 Nxe3 18.Qxe3 d4 19.Nxd4  0-1

[Event "Malta Open"]
[Site "Bugibba MLT"]
[Date "2011.11.24"]
[Round "6.6"]
[White "Frisk,E"]
[Black "Hanley,C"]
[Result "0-1"]
[WhiteElo "2184"]
[BlackElo "2415"]

1.e4 c5 2.Nf3 d6 3.d4 cxd4 4.Nxd4 Nf6 5.Nc3 a6 6.f3 e5 7.Nb3 Be6 8.Be3 h5
9.Qd2 Nbd7 10.O-O-O Rc8 11.h3 b5 12.Kb1 h4 13.Bd3 Nb6 14.Qf2 Nfd7 15.Ne2 Nc4
16.Bc1 g5 17.g3 Be7 18.Qg2 Qb6 19.f4 Ne3 20.Bxe3 Qxe3 21.f5 Bc4 22.Rhf1 Nf6
23.Rf3 Qa7 24.gxh4 gxh4 25.Nc3 Rg8 26.Qe2 Rg1 27.Nd2 Bxd3 28.Rxd3 b4 29.Nd5 Qf2
30.Nxf6+ Bxf6 31.Qh5 Ke7 32.Qf3 Rcg8 33.Nf1 Qxf3 34.Rxf3 R8g3 35.Rfd3 Rxd3
36.cxd3 Bg5 37.Kc2 Rh1 38.Kb3 Rxh3 39.Kxb4 Rh1 40.Ne3 Rh2 41.Nc4 h3 42.Ka5 Rg2
43.Kxa6 h2 44.Rh1 Bf4 45.a4 Rg1 46.Rxh2 Bxh2 47.b4 d5 48.exd5 Rd1 49.d6+ Kd7
50.b5 Rxd3 51.b6 e4 52.b7 Rxd6+ 53.Kb5 Rd5+  0-1

[Event "3rd OCF Thanksgiving"]
[Site "Stillwater USA"]
[Date "2011.11.25"]
[Round "1.8"]
[White "Berry,Ja"]
[Black "Nickels,Erik J"]
[Result "1-0"]
[WhiteElo "2003"]
[BlackElo "1732"]

1.e4 c5 2.Nf3 d6 3.d4 cxd4 4.Nxd4 Nf6 5.Nc3 a6 6.f3 e5 7.Nb3 Be6 8.Be3 Be7
9.Qd2 Nbd7 10.O-O-O O-O 11.g4 b5 12.h4 Nb6 13.Kb1 Rc8 14.h5 Nc4 15.Qf2 Nxe3
16.Qxe3 Qc7 17.Rh2 Bc4 18.g5 Ne8 19.g6 h6 20.Bh3 Bg5 21.Qf2 Rb8 22.Nd5 Bxd5
23.exd5 Nf6 24.gxf7+ Kxf7 25.Be6+ Ke7 26.Qe1 b4 27.Qg1 a5 28.f4 exf4 29.Nd4 Rb6
30.Nf5+ Kd8 31.Nxg7 a4 32.Bf7  1-0

[Event "25th Belgrade Trophy"]
[Site "Obrenovac SRB"]
[Date "2011.11.28"]
[Round "5.31"]
[White "Robin,S"]
[Black "Simic,GN"]
[Result "1-0"]
[WhiteElo "2323"]
[BlackElo "2082"]

1.e4 c5 2.Nf3 d6 3.d4 cxd4 4.Nxd4 Nf6 5.Nc3 a6 6.f3 e5 7.Nb3 Be6 8.Nd5 Bxd5
9.exd5 Be7 10.Be3 Qc7 11.c4 Nbd7 12.Qd2 O-O 13.Be2 b6 14.O-O Nc5 15.Qd1 Nxb3
16.Qxb3 Nd7 17.Rac1 Kh8 18.Qc2 a5 19.b3 Nc5 20.Bd3 Nxd3 21.Qxd3 f5 22.Rc2 Rae8
23.Re2 Bd8 24.Bf2 Qf7 25.a3 Qg6 26.Rfe1 Qg5 27.Bg3 f4 28.Bf2 Rf6 29.Kh1 Rg6
30.Bg1 Rf8 31.b4 axb4 32.axb4 Rh6 33.c5 bxc5 34.bxc5 Bc7 35.c6 Rh5 36.Rb1 Qd8
37.Rb7 Rhf5 38.Ra2 R5f7 39.Raa7 Kg8 40.Qb1 g6 41.h3 Re8 42.Rxc7 Rxc7 43.Bb6 Rxa7
44.Bxd8 Rxd8 45.Qb6 Ra1+ 46.Kh2 Re8 47.c7 Rc1 48.Qxd6 Rc2 49.Qd7 Kf8 50.d6 e4
51.fxe4 Re2 52.Qxe8+  1-0

[Event "Sportaccord WMG Rapid"]
[Site "Beijing CHN"]
[Date "2011.12.09"]
[Round "1"]
[White "Dominguez Perez,L"]
[Black "Gashimov,V"]
[Result "1-0"]
[WhiteElo "2712"]
[BlackElo "2757"]

1.e4 c5 2.Nf3 d6 3.d4 cxd4 4.Nxd4 Nf6 5.Nc3 a6 6.Be3 Ng4 7.Bc1 Nf6 8.f3 e6
9.Be3 b5 10.Qd2 Nbd7 11.g4 h6 12.O-O-O Bb7 13.h4 Ne5 14.Rg1 Qa5 15.g5 b4
16.Nb1 hxg5 17.hxg5 Nxf3 18.Nxf3 Nxe4 19.Qd4 Rc8 20.Qb6 Qxb6 21.Bxb6 d5 22.Nbd2 Bc5
23.Bxc5 Nxc5 24.Nb3 Ke7 25.Nxc5 Rxc5 26.Re1 Bc8 27.Bd3 Bd7 28.Rh1 Rxh1 29.Rxh1 Kd6
30.Rh7 e5 31.Nd2 f5 32.gxf6 gxf6 33.Nb3 Rc6 34.Kd2 Bc8 35.Rf7 Ke6 36.Ra7 Kd6
37.Rf7 Ke6 38.Ra7 Kd6 39.a3 bxa3 40.bxa3 f5 41.Rf7 f4 42.Rf6+ Kc7 43.Rxc6+ Kxc6
44.a4 Kd6 45.a5 Bb7 46.Bf1 Bc8 47.c3 Bb7 48.Nc1 e4 49.Ne2 Ke5 50.Nd4 Bc8
51.Nc6+ Kd6 52.Nd4 Kc5 53.Be2 Kd6 54.Bf1 Kc5 55.Nc2 e3+ 56.Ke1 Bb7 57.Nd4 Bc8
58.Be2 Kd6 59.Bd3 Kc5 60.Be2 Kd6 61.Bf3 Kc5 62.Ne2 Kc4 63.Nxf4 Kxc3 64.Nxd5+ Kd4
65.Nb6 Bf5  1-0